RESEARCH METHODOLOGY FOR HEALTH PROFESSIONALS. (Record no. 1215278)

MARC details
000 -LEADER
fixed length control field 00444nam a22001697a 4500
003 - CONTROL NUMBER IDENTIFIER
control field OSt
005 - DATE AND TIME OF LATEST TRANSACTION
control field 20260131094242.0
008 - FIXED-LENGTH DATA ELEMENTS--GENERAL INFORMATION
fixed length control field 260131b |||||||| |||| 00| 0 eng d
020 ## - INTERNATIONAL STANDARD BOOK NUMBER
International Standard Book Number 9789354654206
040 ## - CATALOGING SOURCE
Transcribing agency JAYPEE BROTHER
082 ## - DEWEY DECIMAL CLASSIFICATION NUMBER
Edition number 2
Classification number 616.37
Item number GOY
100 ## - MAIN ENTRY--PERSONAL NAME
Personal name GOYAL R. C
245 ## - TITLE STATEMENT
Title RESEARCH METHODOLOGY FOR HEALTH PROFESSIONALS.
300 ## - PHYSICAL DESCRIPTION
Extent X;426;PB
500 ## - GENERAL NOTE
General note BILL NO - 6407<br/>DATE - 13/01/2026
942 ## - ADDED ENTRY ELEMENTS (KOHA)
Source of classification or shelving scheme Dewey Decimal Classification
Koha item type Textbook
Edition 2
Suppress in OPAC No
Holdings
Withdrawn status Lost status Source of classification or shelving scheme Damaged status Not for loan Collection Home library Current library Date acquired Source of acquisition Cost, normal purchase price Total Checkouts Full call number Barcode Date last seen Price effective from Koha item type
    Dewey Decimal Classification     Text Medical College & Hospital, Sangli Medical College & Hospital, Sangli 31/01/2026 B.M.S.G.B, PUNE 995.00   616.37/GOY MCS-17528 31/01/2026 31/01/2026 Textbook